000 01114nam a2200253Ia 4500
003 Ost
005 20260507074849.0
008 260507s9999||||xx |||||||||||||| ||und||
020 _a9957180932
040 _cfsecg
041 _aara
082 _a310
100 _aفليفل، كامل
_eمؤلف
245 0 _aالإحصاء /
_c كامل فليفل
260 _aعمان:
_bدا رالمناهج,
_c2009
300 _a270 صفحة؛
_bإيضاحات ؛
_c24 سم
504 _aبيبليوغرافيا: ص. 277 (إقتناءات 2014 3ن)
520 _aيضم جمع البيانات وتبويبها، مقاييس النزعة المركزية، مقاييس التشتت، الإرتباط والإنحدار، التوزيعات الإحتمالية، التقدير وإختبار الفرضيات، الأرقام القياسية والسلاسل الزمنية.
653 _aالإحتمالات
653 _aالإحصاء - المعاملات الإرتباطية
653 _aالإحصاء الوصفي
700 _aحمدان، فتحي
_eمؤلف ثانوي
942 _cكتاب
999 _c41555
_d41555